| 000 | 00757cam a2200229 a 4500 | ||
|---|---|---|---|
| 001 | 1142021 | ||
| 005 | 20180205071130.0 | ||
| 008 | 950302s1995 nyua 000 0 eng | ||
| 010 | _a 95006215 | ||
| 020 | _a0486286967 (pbk.) | ||
| 040 |
_aDLC _cDLC _dDLC |
||
| 041 | _aeng | ||
| 080 | _a686.224 jam | ||
| 082 | 0 | 0 |
_a686.224 jam _220 |
| 100 | _a10 | ||
| 101 | _amje | ||
| 245 | 0 | 0 |
_a100 ornamental alphabets / _cselected and arranged by Dan X. Solo ; from the Solotype Typographers catalog. |
| 246 | 3 | _aOne hundred ornamental alphabets | |
| 906 |
_a7 _bcbc _corignew _d1 _eocip _f19 _gy-gencatlg |
||
| 942 |
_2ddc _cBK |
||
| 999 |
_c41751 _d41751 |
||